LDR 00747naa#a2200205#i#450# 001 EN\\bibl\125150 005 20260630064021.2 011 ## _a2077-7566 100 ## _a20260629b2026####ek#y0engy0150####ca 101 0# _aRUS 102 ## _aRU 200 1# _aANALYSIS OF THE EFFICIENCY OF DENTAL HISTORY TAKING USING A DIGITAL SYSTEM WITH INTEGRATED DATA QUALITY CONTROL _eJournal article 210 1# _aEkaterinburg _cTIRAZH Publishing House _d2026 215 ## _a8 с. 608 ## _aJournal article _2local 675 ## _aСтоматология. Заболевания ротовой полости и зубов. 616.31 _zRUS 700 #1 _aShefov _gVladimir Yur'evich 700 #1 _aOREKHOVA _gLyudmila Yu. 700 #1 _aLOBODA _gEkaterina Sergeevna 856 4# _adental-press.ru _u